000 00687cam a2200217 a 4500
001 000001403
003 DO-SdBNP
005 20250401154525.0
008 810311s1958 sp 000 0 spa d
040 _aDO-SdBNP
_bspa
_cBNPHU
082 0 0 _a398.2
_bA634L, 1958
245 0 0 _aAntología de leyendas de la literatura universal /
_cEstudio preliminar, selección y notas de V. García De Diego.
250 _a3a ed.
260 _aBarcelona :
_bLabor,
_c1958.
300 _av. :
_bil. ;
_c24 cm.
650 4 _aFolclore en la literatura
_94697
650 4 _aLeyendas
_xHistoria
_94698
650 4 _aLeyendas suramericanas
_94699
700 1 _aGarcía de Diego, V.
_94700
942 _2ddc
_cLBS1
999 _c1324
_d1324